Čerpajte energiu z efektívneho relaxu
Sebariadenie podnikateľa alebo ako byť aktívny a pritom sa nezabiť. Relax podnikateľa, umenie oddychovať. Hodnota zdravia znamená viac ako ziskovosť firmy. Závery z výskumu odborníkov k pragmatickému sebariadeniu.
Uložené v:
| Hlavný autor: | |
|---|---|
| Médium: | Kapitola |
| Jazyk: | Slovak |
| Predmet: | |
| Tagy: |
Žiadne tagy, Buďte prvý, kto otaguje tento záznam!
|
MARC
| LEADER | 00000naa$a2200000$$$4500 | ||
|---|---|---|---|
| 001 | 0025478 | ||
| 005 | 20250924091416.7 | ||
| 041 | 0 | |a slo | |
| 044 | |a SK | ||
| 245 | 1 | 0 | |a Čerpajte energiu z efektívneho relaxu |c Emil Burák |
| 520 | |a Sebariadenie podnikateľa alebo ako byť aktívny a pritom sa nezabiť. Relax podnikateľa, umenie oddychovať. Hodnota zdravia znamená viac ako ziskovosť firmy. Závery z výskumu odborníkov k pragmatickému sebariadeniu. | ||
| 610 | 2 | 0 | |a podnikatelia |
| 610 | 2 | 0 | |a sebariadenie |
| 610 | 2 | 0 | |a zdravie |
| 610 | 2 | 0 | |a štýl životný |
| 610 | 2 | 0 | |a medicína alternatívna |
| 100 | 1 | |a Burák, Emil | |